000 00803nam a2200205Ii 4500
003 JO-AjNU
008 230605s9999||||xx |||||||||||||| ||und||
040 _aJO-AjNU
_bara
_erda
_cJO-AjNU
041 _aara
050 1 4 _aPJ7552.B224 2006
100 3 _aالبعاج،مزاحم علي عشيش تأليف/الديارنة،عمر محمد مراجعة,
_eauthor
_923766
245 0 0 _aصورة المرأة في شعر الأخطل وجرير والفرزدق (العصر الأموي)
250 _aط1
264 3 1 _aعمان:المؤلف،2006
300 _a168ص
336 _atext
_btxt
_2rdacontent
337 _aunmediated
_bn
_2rdamedia
338 _avolume
_bnc
_2rdacarrier
650 4 _aالشعر العربي-العصر الأموي- تاريخ و نقد - الفرزدق - جرير
_923767
999 _aA8650
_c12218
_d12218